Canada's PyeongChang Olympic Medalists - Statistics

General Stats
  • This quiz has been taken 18 times
  • The average score is 12 of 29
Answer Stats
Sport Medal Province Answer % Correct
Figure Skating Gold N/A Patrick Chan, Gabrielle Daleman, Kaetlyn Osmond, Meagen Duhamel, Eric Radford, Tessa Virtue, Scott Moir
86%
Figure Skating Gold Ontario Tessa Virtue & Scott Moir
79%
Big Air Snowboarding Gold Quebec Sebastien Toutant
64%
Figure Skating Bronze Alberta/Newfoundland Kaetlyn Osmond
57%
Speed Skating Bronze Quebec Charles Hamelin, Samuel Girard, Charle Cournoyer, & Pascal Dion
50%
Curling Gold Manitoba/Ontario Kaitlyn Lawes & John Morris
50%
Slopestyle Snowboarding Bronze Saskatchewan Mark McMorris
50%
Slopestyle Snowboarding Silver Quebec Max Parrot
50%
Skiing Moguls Gold Quebec Mikael Kingsbury
50%
Luge Bronze Alberta Alex Gough
43%
Luge Silver Alberta Alex Gough, Sam Edney, Tristan Walker, & Justin Snith
43%
Bobsled Gold British Columbia/Ontario Justin Kripps & Alex Kopacz
43%
Speed Skating Bronze Quebec Kim Boutin
43%
Speed Skating Bronze Quebec Kim Boutin
43%
Speed Skating Silver Quebec Kim Boutin
43%
Figure Skating Bronze Ontario Meagen Duhamel & Eric Radford
43%
Speed Skating Gold Quebec Samuel Girard
43%
Hockey Silver N/A Team Canada
43%
Hockey Bronze N/A Team Canada
43%
Speed Skating Silver Alberta Ted-Jan Bloemen
43%
Speed Skating Gold Alberta Ted-Jan Bloemen
43%
Bobsled Bronze Alberta/Ontario Kaillie Humphries & Phylicia George
36%
Ski Halfpipe Gold British Columbia Cassie Sharpe
29%
Skiing Moguls Silver Quebec Justine Dufour- Lapointe
29%
Ski Cross Silver Quebec Brittany Phelan
21%
Ski Cross Gold British Columbia Kelsey Serwa
21%
Ski Cross Gold Alberta Brady Leman
14%
Slopestyle Snowboarding Silver Quebec Laurie Blouin
14%
Ski Slopestyle Bronze Quebec Alex Beaulieu-Marchand
7%
No matching quizzes found
Score Distribution
Percent of People with Each Score
Percentile by Number Answered
Your Score History
You have not taken this quiz